| 000 | 01167cab a22001935a 4500 | ||
|---|---|---|---|
| 001 | L144446 | ||
| 008 | 080721s2007 xxk 000 0 eng d | ||
| 035 | _a(Sirsi) u144446 | ||
| 041 | 0 | _aeng | |
| 100 | 1 | _aUnsworth, Rachael | |
| 245 | 0 | 0 |
_a'City living' and sustainable development _bthe experience of a UK regional city |
| 260 | _c2007 | ||
| 490 |
_aTown Planning Review _v78(6) 2007, 725-747(23) |
||
| 520 | _aPaper draws on a detailed case study of Leeds to argue that 'city living' has the potential to contribute towards sustainable development. Describes the potential use of brownfield land for medium-high density mixed-use schemes, stating that they are viable and reduce dependence upon transport infrastructure. The paper seeks to point out that this is a possible outcome, the reality of city living is economically unstable, 'environmentally ambiguous' and that this has come about as a result of the structure of incentives and a lack of adequate controls on development. | ||
| 650 | 2 | 4 | _aCODE FOR SUSTAINABLE HOMES |
| 651 | 4 |
_aUnited Kingdom _y |
|
| 690 | _aENVIRONMENTAL AND LAND CONSULTANCY-SUSTAINABILITY-SUSTAINABLE DEVELOPMENT | ||
| 942 | _n0 | ||
| 999 |
_c80467 _d80467 |
||